| 000 | 00586nam a2200205Ia 4500 | ||
|---|---|---|---|
| 005 | 20250508151714.0 | ||
| 008 | 008 250505s9999 xx 000 0 eng d | ||
| 037 | _aBooks to be hide in OPAC | ||
| 040 |
_aFEDL _beng _cFEDL |
||
| 041 |
_aeng _2eng |
||
| 084 |
_a307, RHY/O _qFEDL |
||
| 100 |
_aRhyne Conway L. _9759803 |
||
| 245 | 0 | _aConservation of natural resources | |
| 260 |
_aSan Francisco _bCharles E. Merrill Books |
||
| 300 | _a48p. | ||
| 650 | _aCommunities | ||
| 700 |
_a Lory Ellsworth E. _9759804 |
||
| 942 |
_cHB _h307, RHY/O |
||
| 999 |
_c1331566 _d1331566 |
||